Write time, write place : paragraphs and essays (Record no. 255330)
[ view plain ]
| 000 -LEADER | |
|---|---|
| fixed length control field | 00427nam a22001577a 4500 |
| 003 - CONTROL NUMBER IDENTIFIER | |
| control field | OSt |
| 005 - DATE AND TIME OF LATEST TRANSACTION | |
| control field | 20170111120150.0 |
| 008 - FIXED-LENGTH DATA ELEMENTS--GENERAL INFORMATION | |
| fixed length control field | 170111b xxu||||| |||| 00| 0 eng d |
| 020 ## - INTERNATIONAL STANDARD BOOK NUMBER | |
| International Standard Book Number | 139780205646623 |
| 040 ## - CATALOGING SOURCE | |
| Transcribing agency | N/A |
| 050 ## - LIBRARY OF CONGRESS CALL NUMBER | |
| Classification number | PE1408.M3854 |
| Item number | 2011 |
| 100 ## - MAIN ENTRY--PERSONAL NAME | |
| Personal name | Markus, Mimi. |
| 245 ## - TITLE STATEMENT | |
| Title | Write time, write place : paragraphs and essays |
| Statement of responsibility, etc | Markus, Mimi. |
| 260 ## - PUBLICATION, DISTRIBUTION, ETC. (IMPRINT) | |
| Place of publication, distribution, etc | NYC |
| Name of publisher, distributor, etc | Pearson Publishing House |
| Date of publication, distribution, etc | 2011 |
| 942 ## - ADDED ENTRY ELEMENTS (KOHA) | |
| Source of classification or shelving scheme | Library of Congress Classification |
| Koha item type | Long Loan Books |
| Withdrawn status | Lost status | Source of classification or shelving scheme | Damaged status | Not for loan | Collection code | Home library | Current library | Shelving location | Date acquired | Total Checkouts | Full call number | Barcode | Date last seen | Price effective from | Koha item type | Date checked out |
|---|---|---|---|---|---|---|---|---|---|---|---|---|---|---|---|---|
| Library of Congress Classification | Non-fiction | Rongo University Library | Rongo University Library | General Stacks | 11/01/2017 | PE1408.M3854 2011 | 201616655 | 11/01/2017 | 11/01/2017 | Long Loan Books | ||||||
| Library of Congress Classification | Non-fiction | Rongo University Library | Rongo University Library | General Stacks | 22/11/2019 | 1 | PE1408.M3854 2011 | 201610460 | 10/03/2020 | 22/11/2019 | Long Loan Books | 25/02/2020 | ||||
| Library of Congress Classification | Non-fiction | Rongo University Library | Rongo University Library | General Stacks | 22/11/2019 | PE1408.M3854 2011 | 20156485 | 22/11/2019 | 22/11/2019 | Long Loan Books |
